Vista normal
Vista MARC
Entrada Nombre corporativo
Número de registros utilizados en: 1
001 - NÚMERO DE CONTROL
- Campo de control: 39035
003 - IDENTIFICADOR DE NÚMERO DE CONTROL
- Campo de control: ES-MaCES
005 - FECHA Y HORA DE LA ULTIMA MODIFICACION
- Campo de control: 20180413135209.0
008 - ELEMENTOS DE DATOS DE LONGITUD FIJA
- Campo de longitud fija: 180413|| azz||aabn | a|a d
040 ## - FUENTE DE LA CATALOGACIÓN
- Agencia original de catalogación: ES-MaCES
110 2# - ENCABEZAMIENTO--NOMBRE CORPORATIVO
- Nombre corporativo o de jurisdicción como elemento de entrada: Consejo Superior de Letrados y Abogados de Comunidades Autónomas (España)
670 ## - FUENTE DE DATOS ENCONTRADOS
- Fuente de citación: http://www.csletradosautonomicos.es
- Información encontrada: El Consejo superior de Letrados y Abogados de las Comunidades Autónomas es una organización profesional constituida, por un lado, para el fomento y la defensa de los intereses profesionales y corporativos de los funcionarios de carrera de los diferentes Cuerpos de Letrados de los Gobiernos Autonómicos y, por otro, para el estudio y promoción científica de todas las disciplinas del Derecho

